Učebnica staviteľstva bastiónových pevností z roku 1852 podľa vicemaršála von Wurmba : komplexná monografia k spracovávaniu vedeckých pamiatkových výskumov a k príprave pamiatkovej obnovy

Gespeichert in:
Bibliographische Detailangaben
Hauptverfasser: Makýš, Oto, 1962- (Verfasst von), Németh, Alexander (Verfasst von)
Weitere Verfasser: Puškár, Anton, 1948- (Rezension), Gráfel, Ľudovít (Rezension), Horanský, Peter (Rezension)
Format: Buch
Sprache:Slowakisch
Veröffentlicht: Pezinok : Renesans, 2018
Ausgabe:1. vyd.
Schlagworte:
Tags: Tag hinzufügen
Keine Tags, Fügen Sie das erste Tag hinzu!

MARC

LEADER 00000nam a22000003a 4500
001 0071665
003 SK-STU
005 20220228172520.7
007 ta
008 190212s -------||||||||||-|||-||----d
020 |a 978-80-89983-04-9 
035 |a biblio/103022  |2 CREPC2 
041 0 |a slo 
044 |a xo 
100 1 |4 aut  |9 99  |a Makýš, Oto,  |d 1962-  |u 010270  |r Z1  |U SvF Stavebná fakulta  |T SvF Katedra technológie stavieb  |X 832  |U V270  |Y 28  |7 A000000832 
242 0 0 |a Textbook of construction engineering of bulwark fortresses from the year 1852 according to vice-mars von Wurmb  |y eng 
245 1 0 |a Učebnica staviteľstva bastiónových pevností z roku 1852 podľa vicemaršála von Wurmba :  |b komplexná monografia k spracovávaniu vedeckých pamiatkových výskumov a k príprave pamiatkovej obnovy 
250 |a 1. vyd. 
260 |a Pezinok :  |b Renesans,  |c 2018 
300 |a 247 s. 
650 |a učebnica 
650 0 4 |a staviteľstvo 
650 0 4 |a pevnosti 
700 1 |a Németh, Alexander  |4 aut  |9 1 
700 1 |a Puškár, Anton,  |d 1948-  |u 010907  |r Z7  |4 rev  |U SvF Dekanát  |T SvF Oddelenie projektov a vonkajších vzťahov  |X 747  |U 010907  |Y 206  |7 A000000747 
700 1 |a Gráfel, Ľudovít  |4 rev 
700 1 |a Horanský, Peter  |4 rev 
996 |b 284V041065  |c V* 52859/O-24016  |l VVT  |s A  |a 24  |w 0071665_0001 
996 |b 284V041066  |c V* 52860/O-24017  |l VVS  |s A  |a 24  |w 0071665_0002